Типовая экспертная методика определения рыночной стоимости объектов недвижимости (Запись № 13450690)
[ простой вид ]
| 000 -МАРКЕР | |
|---|---|
| контрольное поле | 02767nam0a2200409 4500 |
| 001 - ИДЕНТИФИКАТОР ЗАПИСИ | |
| контрольное поле | RU\NLR\BIBL_A\022536053 |
| 005 - ИДЕНТИФИКАТОР ВЕРСИИ | |
| контрольное поле | 20250709131145.0 |
| 010 ## - МЕЖДУНАРОДНЫЙ СТАНДАРТНЫЙ НОМЕР КНИГИ (ISBN) | |
| Номер (ISBN) | 978-5-91133-277-8 |
| Тираж | 150 |
| 021 ## - НОМЕР ГОСУДАРСТВЕННОЙ РЕГИСТРАЦИИ | |
| Код страны | Российская Федерация |
| Номер | КН-П-25-015240 |
| Номер Листа государственной регистраци | КН-П-25-1554 |
| 035 ## - ДРУГИЕ СИСТЕМНЫЕ НОМЕРА | |
| Идентификатор записи | (NLR Aleph) 022536053 |
| 100 ## - ДАННЫЕ ОБЩЕЙ ОБРАБОТКИ | |
| Данные общей обработки | 20250506d2024 u y0rusy50 ca |
| 101 0# - ЯЗЫК РЕСУРСА | |
| Язык текста, звукозаписи и т.д. | русский |
| 102 ## - СТРАНА ПУБЛИКАЦИИ ИЛИ ПРОИЗВОДСТВА | |
| Страна публикации | Российская Федерация |
| 105 ## - ПОЛЕ КОДИРОВАННЫХ ДАННЫХ: ТЕКСТОВЫЕ МАТЕРИАЛЫ, МОНОГРАФИЧЕСКИЕ | |
| Кодированные данные о монографическом текстовом документе | a|||z|||000yy |
| 181 #0 - ПОЛЕ КОДИРОВАННЫХ ДАННЫХ: ВИД СОДЕРЖАНИЯ | |
| Код вида содержания (ISBD) | i3 |
| Код характеристики содержания (ISBD) | axxe |
| 182 #0 - ПОЛЕ КОДИРОВАННЫХ ДАННЫХ: ТИП СРЕДСТВА | |
| Код типа средства (ISBD) | n - непосредственное |
| 200 1# - ЗАГЛАВИЕ И СВЕДЕНИЯ ОБ ОТВЕТСТВЕННОСТИ | |
| Основное заглавие | Типовая экспертная методика определения рыночной стоимости объектов недвижимости |
| Сведения, относящиеся к заглавию | пособие |
| Первые сведения об ответственности | Министерство юстиции Российской Федерации, Федеральное бюджетное учреждение Российский федеральный центр судебной экспертизы имени профессора А. Р. Шляхова при Министерстве юстиции Российской Федерации |
| Последующие сведения об ответственности | подготовили: Бутырин А. Ю., д.ю.н. [и др.] |
| 203 ## - ВИД СОДЕРЖАНИЯ И ТИП СРЕДСТВА | |
| Вид содержания | Текст |
| Дополнительные сведения об издании | визуальный |
| Тип средства | непосредственный |
| 205 ## - СВЕДЕНИЯ ОБ ИЗДАНИИ | |
| Сведения об издании | 2-е изд., испр. и доп. |
| 210 ## - ПУБЛИКАЦИЯ, РАСПРОСТРАНЕНИЕ И ДР. | |
| Место издания, распространения и т.д. | Москва |
| Имя издателя, распространителя и т. д. | ФБУ РФЦСЭ имени профессора А. Р. Шляхова при Минюсте России |
| Дата издания, распространения и т.д. | 2024 |
| 215 ## - ФИЗИЧЕСКАЯ ХАРАКТЕРИСТИКА | |
| Специфическое обозначение материала и объем | 118 с. |
| Другие сведения о физической характеристике | ил., табл. |
| Размеры | 21 |
| 320 ## - ПРИМЕЧАНИЯ О НАЛИЧИИ В ДОКУМЕНТЕ БИБЛИОГРАФИИ / УКАЗАТЕЛЯ | |
| Текст примечания | Библиогр.: с. 113-114 (12 назв.) |
| 606 1# - НАИМЕНОВАНИЕ ТЕМЫ КАК ПРЕДМЕТ | |
| Наименование темы | Недвижимое имущество |
| Формальный подзаголовок | Учебные издания |
| Тематический подзаголовок | Оценка |
| Географический подзаголовок | Российская Федерация |
| Системный номер авторитетной/нормативной записи | 2236369 |
| Идентификатор авторитетной/нормативной записи | RU\NLR\AUTH\661342109 |
| 606 1# - НАИМЕНОВАНИЕ ТЕМЫ КАК ПРЕДМЕТ | |
| Наименование темы | Земельные участки |
| Формальный подзаголовок | Учебные издания |
| Тематический подзаголовок | Оценка |
| Географический подзаголовок | Российская Федерация |
| Системный номер авторитетной/нормативной записи | 2140591 |
| Идентификатор авторитетной/нормативной записи | RU\NLR\AUTH\661290229 |
| 606 1# - НАИМЕНОВАНИЕ ТЕМЫ КАК ПРЕДМЕТ | |
| Наименование темы | Судебная строительно-техническая экспертиза |
| Формальный подзаголовок | Учебные издания |
| Географический подзаголовок | Российская Федерация |
| Системный номер авторитетной/нормативной записи | 2546702 |
| Идентификатор авторитетной/нормативной записи | RU\NLR\AUTH\6601720593 |
| 606 1# - НАИМЕНОВАНИЕ ТЕМЫ КАК ПРЕДМЕТ | |
| Наименование темы | Стоимость |
| Формальный подзаголовок | Учебные издания |
| Тематический подзаголовок | Определение |
| -- | Судебная экспертиза |
| Географический подзаголовок | Российская Федерация |
| Системный номер авторитетной/нормативной записи | 2423825 |
| Идентификатор авторитетной/нормативной записи | RU\NLR\AUTH\6601661753 |
| 686 1# - ИНДЕКСЫ ДРУГИХ КЛАССИФИКАЦИЙ | |
| Индекс | У9(2)-571.1-07(2Р)я7 |
| 686 1# - ИНДЕКСЫ ДРУГИХ КЛАССИФИКАЦИЙ | |
| Индекс | Х629.214.13я7 |
| 702 #1 - ИМЯ ЛИЦА - ВТОРИЧНАЯ ОТВЕТСТВЕННОСТЬ | |
| Код отношения | Составитель |
| Графика поля | Кириллица |
| Материалы, к которым относится поле | rus |
| Начальный элемент ввода | Бутырин |
| Часть имени, кроме начального элемента ввода | А. Ю. |
| Дополнения к именам, кроме дат | д-р юрид. наук |
| Расширение инициалов личного имени | Андрей Юрьевич |
| Системный номер авторитетной/нормативной записи | 116185 |
| Идентификатор авторитетной/нормативной записи | RU\NLR\AUTH\776230 |
| 712 02 - НАИМЕНОВАНИЕ ОРГАНИЗАЦИИ - ВТОРИЧНАЯ ОТВЕТСТВЕННОСТЬ | |
| Код отношения | Издающая организация |
| Начальный элемент ввода | Российский федеральный центр судебной экспертизы им. А. Р. Шляхова |
| Системный номер авторитетной/нормативной записи | 2645420 |
| Идентификатор авторитетной/нормативной записи | RU\NLR\AUTH\880617124 |
| 942 ## - ДОПОЛНИТЕЛЬНЫЕ ЭЛЕМЕНТЫ ЗАПИСИ (АБИС) | |
| Тип экземпляра АБИС | Книга |
| 980 ## - КОЛЛЕКЦИЯ | |
| Название коллекции | Национальная библиография |
| 980 ## - КОЛЛЕКЦИЯ | |
| Название коллекции | Национальная библиография |
Нет доступных экземпляров.